Los muertos / (Record no. 40271)

MARC details
000 -CABECERA
campo de control de longitud fija 00551nam a2200205 a 4500
005 - FECHA Y HORA DE LA ÚLTIMA TRANSACCIÓN
campo de control 20210223122715.0
008 - ELEMENTOS DE LONGITUD FIJA--INFORMACIÓN GENERAL
campo de control de longitud fija 991125s1994 mx 000 0 spa u
020 ## - NÚMERO INTERNACIONAL NORMALIZADO PARA LIBROS
Número Internacional Estándar del Libro 9683910882
035 ## - NÚMERO DE CONTROL DEL SISTEMA
Número de control de sistema UPN01000040271
049 ## - COLECCIÓN
Colección F
050 #4 - SIGNATURA TOPOGRÁFICA DE LA BIBLIOTECA DEL CONGRESO
Número de clasificación PR6019 O7
Número de documento/Ítem M88
100 1# - ASIENTO PRINCIPAL--NOMBRE PERSONAL
Nombre de persona Joyce, James,
Fechas asociadas al nombre 1882-1941
245 14 - MENCIÓN DE TÍTULO
Título Los muertos /
Mención de responsabilidad, etc. James Joyce ; tr. María Isabel Butler de Foley
260 ## - PUBLICACIÓN, DISTRIBUCIÓN, ETC.
Lugar de publicación, distribución, etc. México :
Nombre del editor, distribuidor, etc. ALIANZA$bCNCA,
Fecha de publicación, distribución, etc. 1994
300 ## - DESCRIPCIÓN FÍSICA
Extensión 93 p
440 #0 - MENCIÓN DE SERIE/ASIENTO SECUNDARIO--TÍTULO
Título Alianza cien
650 #4 - ASIENTO SECUNDARIO DE MATERIA - TERMINO TEMATICO
Término de materia o nombre geográfico como elemento de entrada NOVELA IRLANDESA
9 (RLIN) 24663
904 ## - ELEMENTOS DE DATOS D LOCAL, LDD (RLIN)
a AC
b 040273
905 ## - TIPO DE MATERIAL
Tipo de material Libro
Holdings
Estado de retiro Estado de pérdida Fuente del sistema de clasificación o colocación Estado dañado No para préstamo Código de colección Localización permanente Ubicación/localización actual Ubicación en estantería Enumeración/cronología de publicación seriada Total de préstamos Clasificación Código de barras Fecha visto por última vez Número de copia Tipo de ítem Koha
    Library of Congress Classification   Folletos Folletería Bib. Gregorio Torres Quintero Bib. Gregorio Torres Quintero Folletos -   PR6019 O7 M88 139770 31/12/2020 1 Libro